|
|
|
|
| LEADER |
00000nam a2200000 a 4500 |
| 001 |
vtls011725517 |
| 003 |
SK-MaSNL |
| 005 |
20260301044221.0 |
| 008 |
240318s2017 xo a a 000 jdslo |
| 015 |
|
|
|a SNBA2018/01
|
| 020 |
|
|
|a 9788089930029
|q (viazané)
|
| 035 |
|
|
|a urn:nbn:sk:snk-am00d0lu
|
| 035 |
|
|
|a urn:nbn:sk:snk-am3hhlo
|
| 035 |
|
|
|a FE656B37-F73B-4844-90A5-BE84F2D99420
|
| 040 |
|
|
|a SNK
|b slo
|c SNK
|e AACR2
|
| 041 |
0 |
|
|a slo
|
| 044 |
|
|
|a xo
|c SK
|
| 072 |
|
7 |
|a 821.162.4-3
|x Slovenská próza
|2 konspekt
|
| 072 |
|
7 |
|a 821-93
|x Literatúra pre deti a mládež (beletria)
|2 konspekt
|
| 080 |
|
|
|a 821.162.4-32
|2 2011
|
| 080 |
|
|
|a 82-93-053.2
|2 2011
|
| 080 |
|
|
|a 821.162.4
|2 2011
|
| 100 |
1 |
|
|a Šimulčíková, Jana,
|d 1937-2025
|4 aut
|9 190254
|
| 245 |
1 |
0 |
|a Kufor na kolieskach
|c Jana Šimulčíková ; [ilustrácie Anna Gajová]
|
| 250 |
|
|
|a 1. vyd.
|
| 260 |
|
|
|a Bratislava
|b Regent
|c 2017
|
| 300 |
|
|
|a 128 s.
|b ilustrácie
|c 22 cm
|
| 650 |
0 |
7 |
|a slovenská literatúra
|2 SNKPH
|9 1115
|
| 650 |
0 |
7 |
|a Slovak literature
|2 SNKPHeng
|9 265073
|
| 655 |
|
7 |
|a slovenské príbehy
|2 SNKPH
|9 70494
|
| 655 |
|
7 |
|a publikácie pre deti
|2 SNKPH
|9 70148
|
| 655 |
|
7 |
|a Slovak stories
|2 SNKPHeng
|9 277112
|
| 655 |
|
7 |
|a Children's literature
|2 SNKPHeng
|9 276039
|
| 700 |
1 |
|
|a Gajová, Anna,
|d 1964-
|4 ill
|9 107295
|
| 852 |
|
|
|a Štátna vedecká knižnica v Banskej Bystrici
|
| 919 |
|
|
|a 978-80-89930-02-9
|
| 958 |
|
|
|a LX
|
| 958 |
|
|
|a DB
|
| 999 |
|
|
|c 595484
|d 597414
|
| 952 |
|
|
|a SNK
|b SNK
|y PREZ
|7 0
|p 17A1306516
|o snkSC 177404
|i snk2017/28154
|8 0
|0 0
|1 0
|4 0
|d 2017-12-19
|f 1
|l 0
|r 2025-09-18 00:00:00
|w 2026-02-23
|
| 952 |
|
|
|a SNK
|b SNK
|y PREZ
|7 0
|p 17A1306517
|o snkSC 177404 D1
|i snk2017/28155
|8 0
|0 0
|1 0
|4 0
|d 2017-12-19
|l 0
|r 2026-02-23 15:37:29
|w 2026-02-23
|